000
00258nam a22001217a 4500
008
181012b xxu||||| |||| 00| 0 eng d
041
_a
eng
080
_2
9th
_a
159.9
100
_a
49
101
_a
PSI
245
_a
Psychology
_c
Lefton, L.A
942
_2
udc
_c
BK
999
_c
49570
_d
49570